000 00871nam a2200229Ii 4500
003 JO-AjNU
008 230605s9999||||xx |||||||||||||| ||und||
017 _a2007/4/123
020 _a9957-16-329-7
040 _aJO-AjNU
_bara
_erda
_cJO-AjNU
041 _aara
050 1 4 _aHF5681.T3.U48 2008
100 3 _aعلوان،قاسم نايف / م.مشارك: نجيه ميلاد الزياني,
_eauthor
_931284
245 0 0 _aضريبة القيمة المضافة: المفاهيم- القياس- التطبيق
250 _aط1 الاصدار الاول
264 3 1 _aعمان: دار الثقافة للنشر والتوزيع، 2008
300 _a336ص
_bيحتوي على ببلوغرافية من ص327-336ص
336 _atext
_btxt
_2rdacontent
337 _aunmediated
_bn
_2rdamedia
338 _avolume
_bnc
_2rdacarrier
650 4 _aالضرائب
_931285
999 _aA12497
_c16065
_d16065